| 000 | 01446nam a2200325Ia 4500 | ||
|---|---|---|---|
| 001 | ebr10116497 | ||
| 003 | CaPaEBR | ||
| 006 | m u | ||
| 007 | cr cn||||||||| | ||
| 008 | 031106s2004 ne ab sb 001 0 eng d | ||
| 010 | _z 2003115065 | ||
| 020 | _z1586033999 | ||
| 040 |
_aCaPaEBR _cCaPaEBR |
||
| 035 | _a(OCoLC)59281766 | ||
| 050 | 1 | 4 |
_aHC244.Z9 _bT4495 2004eb |
| 082 | 0 | 4 |
_a338.947 _222 |
| 245 | 0 | 0 |
_aSupporting the development of R&D and the innovation potential of post-socialist countries _h[electronic resource] / _cedited by Walter Leal Filho. |
| 260 |
_aAmsterdam ; _aOxford : _bIOS Press, _cc2004. |
||
| 300 |
_aviii, 175 p. : _bill., maps. |
||
| 490 | 1 |
_aNATO science series. Series V, Science and technology policy ; _vv. 42 |
|
| 504 | _aIncludes bibliographical references and index. | ||
| 533 |
_aElectronic reproduction. _bPalo Alto, Calif. : _cebrary, _d2009. _nAvailable via World Wide Web. _nAccess may be limited to ebrary affiliated libraries. |
||
| 650 | 0 |
_aResearch, Industrial _zEurope, Eastern _xManagement. |
|
| 650 | 0 |
_aTechnological innovations _zEurope, Eastern _xFinance. |
|
| 655 | 7 |
_aElectronic books. _2local |
|
| 700 | 1 | _aLeal Filho, Walter. | |
| 710 | 2 | _aebrary, Inc. | |
| 830 | 0 |
_aNATO science series. _nSeries V, _pScience and technology policy ; _vv. 42. |
|
| 856 | 4 | 0 |
_uhttp://site.ebrary.com/lib/rucke/Doc?id=10116497 _zAn electronic book accessible through the World Wide Web; click to view |
| 999 |
_c208765 _d208765 |
||